[Event "Bosnia 2001"]
[Site "Sarajevo BIH"]
[Date "2001.05.13"]
[Round "1"]
[White "Dizdarevic,E"]
[Black "Dreev,A"]
[Result "1/2-1/2"]
[WhiteElo "2501"]
[BlackElo "2685"]

1.Nf3 d5 2.g3 Bg4 3.Bg2 Nd7 4.c4 e6 5.Qb3 Nc5 6.Qc2 Nf6 7.d3 Be7 8.O-O O-O
9.b3 a5 10.Nbd2 c6 11.Bb2 Nfd7 12.a3 b5 13.Rab1 b4 14.Ra1 Qc7 15.Rfc1 Qb7
16.Qd1 Bf5 17.Ra2 Bxd3 18.axb4 axb4 19.Rxa8 Rxa8 20.exd3 Nxd3 21.Rc2 e5 22.Bxe5 N7xe5
23.Nxe5 Nxe5 24.cxd5 cxd5 25.Nc4 Nxc4 26.Rxc4 Ra5 27.Bf3 Bf6 28.Kg2 Bc3 29.Re4 Qd7
30.Qd3 g6 31.Re2 Kg7 32.h4 h5 33.Re3 Bf6 34.Re2 Rc5 35.Rd2 d4 36.Qe4 Rc3
37.Qd5 Qc7 38.Be4 Rc5 39.Qb7 Qe5 40.Rd3 Qe6 41.Bf3 Qe1 42.Bd5 Rc1 43.Qxf7+ Kh6
44.Qf8+ Bg7 45.Qf4+ Kh7 46.Kh2 Qg1+ 47.Kh3 Qf1+ 48.Kh2 Qxd3 49.Qxc1 Qf5 50.Qh1 Qxf2+
51.Qg2 Qe3 52.Qf3 Qe7 53.Be4 Qe5 54.Bd3 Bf6 55.Qe4 Qxe4  1/2-1/2

[Event "TCh-RUS"]
[Site "Tomsk RUS"]
[Date "2001.05.13"]
[Round "1"]
[White "Yandemirov,V"]
[Black "Lastin,A"]
[Result "1/2-1/2"]
[WhiteElo "2472"]
[BlackElo "2627"]

1.Nf3 d5 2.g3 c6 3.Bg2 Bg4 4.O-O Nd7 5.d4 e6 6.Re1 Ngf6 7.Nbd2 Be7 8.c3 O-O
9.e4 dxe4 10.Nxe4 Nxe4  1/2-1/2

[Event "XXXVI Capablanca Mem Premier I"]
[Site "Havana CUB"]
[Date "2001.05.14"]
[Round "8"]
[White "Valdes,Lu"]
[Black "Perez,Rod"]
[Result "1/2-1/2"]
[WhiteElo "2413"]
[BlackElo "2471"]

1.Nf3 d5 2.g3 Nf6 3.Bg2 c6 4.O-O Nbd7 5.d4 e6 6.Nbd2 Be7 7.Re1 O-O 8.e4 dxe4
9.Nxe4 Nxe4 10.Rxe4 e5 11.Nxe5 Nxe5 12.Rxe5 Bf6 13.Re4 Bf5 14.Rf4 Qd7 15.g4 Bg6
16.c3 Bg5 17.Rf3 Bxc1 18.Rxc1 Qxg4 19.Re3 Qxd1+ 20.Rxd1 Rfe8 21.Rde1 Kf8
22.h4 f6 23.Kh2 Rad8 24.Kg3 Bf7 25.b3 a5 26.Rxe8+ Bxe8 27.Be4 h6 28.Bf3 Bf7
29.Kf4 Bd5 30.Bxd5 Rxd5 31.Rd1 g5+ 32.hxg5 hxg5+ 33.Ke4 Kf7 34.c4 f5+ 35.Ke3 Rd8
36.d5 cxd5 37.cxd5 Rc8 38.Kd4 Rc2 39.Ke5 Ke7 40.f3 g4 41.fxg4 fxg4 42.Rg1 Re2+
43.Kd4 Kd6 44.Rxg4 Rd2+ 45.Kc4 Rc2+ 46.Kd4 Rd2+ 47.Kc4 Rc2+ 48.Kd4 Rd2+ 49.Kc4 Rc2+
50.Kd4 Rd2+ 51.Kc4 Rc2+  1/2-1/2

[Event "TCh-YUG"]
[Site "Herceg Novi YUG"]
[Date "2001.05.14"]
[Round "1"]
[White "Markovic,Miros"]
[Black "Blagojevic,D"]
[Result "1/2-1/2"]
[WhiteElo "2539"]
[BlackElo "2489"]

1.Nf3 d5 2.g3 c6 3.Bg2 Bg4 4.b3 e6 5.Bb2 Nf6 6.O-O Nbd7 7.d3 Bc5 8.e4 O-O
9.Nbd2 a5 10.a3 Qc7 11.Qe1 dxe4 12.dxe4 e5 13.Nc4 Rfe8 14.Bc3 b5 15.Ne3 Bh5  1/2-1/2

[Event "TCh-RUS"]
[Site "Tomsk RUS"]
[Date "2001.05.14"]
[Round "2"]
[White "Eliseev,A"]
[Black "Kopylov,A"]
[Result "1/2-1/2"]
[WhiteElo "2471"]
[BlackElo "2211"]

1.Nf3 d5 2.g3 Nf6 3.Bg2 c5 4.c4 e6 5.O-O Nc6 6.d3 Be7 7.a3 O-O 8.Nc3 b6 9.Bf4 Bb7
10.Rc1 d4 11.Ne5 Qc8 12.Nxc6 Bxc6 13.Bxc6 Qxc6 14.Qa4 Qb7 15.Nb1 a6 16.Bg5 b5
17.Qb3 Rab8 18.Bxf6 Bxf6 19.Nd2 Bg5 20.f4 Be7 21.Qd1 Rfe8 22.Qe1 e5 23.cxb5 axb5
24.Ne4 exf4 25.gxf4 f5 26.Nxc5 Qd5 27.b4 Rb6 28.Rf3 Bxc5 29.bxc5 Rbe6 30.Qf1 Rc6
31.Qd1 Ra8 32.Rb1 Rxc5 33.Qb3 Qxb3 34.Rxb3 Kf7 35.Rf1 Ke6 36.Rfb1 Ra5 37.Kf2 Kd5
38.Rb4 g6 39.R1b3 h6 40.h4 Ra6 41.Rxb5 Rxb5 42.Rxb5+ Kc6 43.Re5 Kd6 44.h5 gxh5
45.Rxf5 Rxa3 46.Rxh5 Ke6 47.Kf3 Ra1 48.Ke4  1/2-1/2

[Event "TCh-RUS"]
[Site "Tomsk RUS"]
[Date "2001.05.14"]
[Round "2"]
[White "Loginov,Va"]
[Black "Erikalov,A"]
[Result "1/2-1/2"]
[WhiteElo "2499"]
[BlackElo "2475"]

1.Nf3 d5 2.g3 c6 3.Bg2 Bg4 4.c4 e6 5.O-O Nd7 6.cxd5 exd5 7.d3 Ngf6 8.Nc3 Be7
9.Qc2 O-O 10.e4 dxe4 11.dxe4 Qa5 12.Nd4 Rad8 13.h3 Qe5 14.Nce2 Bxe2 15.Nxe2 Bc5
16.Bd2 Rfe8 17.Bc3 Qe7 18.Rae1 Ne5 19.Nc1 Bb6 20.Kh1 Nh5 21.Kh2 Qg5 22.Re2 Nf6
23.Bxe5 Qxe5 24.f4 Qc5 25.Qxc5 Bxc5 26.Nb3 Bb6 27.Nd2 Bc7 28.e5 Nd5 29.Ne4 f6
30.Nc5 fxe5 31.f5 Bb6 32.Ne6 Ne3 33.Nxd8 Nxf1+ 34.Bxf1 Rxd8  1/2-1/2

[Event "ch-CZE"]
[Site "Kunzak CZE"]
[Date "2001.05.15"]
[Round "8"]
[White "Vrana,F"]
[Black "Meduna,E"]
[Result "1-0"]
[WhiteElo "2259"]
[BlackElo "2483"]

1.Nf3 d5 2.g3 c6 3.Bg2 Bg4 4.d3 Nd7 5.Nbd2 Ngf6 6.O-O e5 7.e4 Bd6 8.h3 Bh5
9.Re1 O-O 10.c3 Re8 11.Qc2 a5 12.a4 Nc5 13.Nh4 Bf8 14.Bf1 Qb6 15.Kg2 Rad8
16.Rb1 Qc7 17.f3 Qd7 18.Be2 Bg6 19.Nf1 Be7 20.Kh2 Nh5 21.Ng2 Ne6 22.h4 h6
23.Nfe3 Bc5 24.Bf1 Nf6 25.Rd1 Qc7 26.Re1 Bb6 27.Nd1 Nc5 28.Nf2 dxe4 29.dxe4 Nxa4
30.Ne3 Nc5 31.Nc4 Ba7 32.Be3 a4 33.Bxc5 Bxc5 34.Nd3 Ba7 35.Qxa4 Ra8 36.Qc2 b5
37.Na3 Rad8 38.Rbd1 Nd7 39.Bh3 Nc5 40.Nb4 f6 41.Nd3 Nxd3 42.Rxd3 Rxd3 43.Qxd3 Rd8
44.Be6+ Kf8 45.Qe2 Qe7 46.Bb3 b4 47.Nb1 Qc5 48.Rf1 Ke7 49.Qa6 bxc3 50.bxc3 Be8
51.Qe2 Rb8 52.Qa2 Rb7 53.Be6 Qb5 54.Rd1 Qb2+ 55.Kh1 Qxa2 56.Bxa2 Bf2 57.Kg2 Be3
58.Bc4 Rb2+ 59.Kh1 Bd7 60.g4 g6 61.Bf1 Be6 62.Na3 Rf2 63.Bc4 Rxf3 64.Bxe6 Kxe6
65.Rd3 Rf1+ 66.Kg2 Rg1+ 67.Kh3 Bf4 68.Nc4 Re1 69.Kg2 Rxe4 70.Rd6+ Ke7 71.Rxc6 Re2+
72.Kf3 Rh2 73.Nb6 Rh3+ 74.Ke4 Re3+ 75.Kd5 e4 76.Kd4 Re1 77.Nd5+ Kd7 78.Rxf6 Bg3
79.Rxg6 Bxh4 80.Rxh6 Bf2+ 81.Kc4 e3 82.Rh7+ Kd6 83.Rf7 Rg1 84.Rf6+ Kd7 85.Rf7+ Ke8
86.Re7+ Kd8 87.Re4 e2 88.Rxe2 Rxg4+ 89.Kb5 Bg3 90.Nf6 Rg6 91.Nd5 Bd6 92.c4 Bf8
93.Re3 Bd6 94.Rh3 Kd7 95.Rh7+ Ke6 96.Kc6 Ke5 97.Rh5+ Kd4 98.Rh4+ Bf4+ 99.Kb5 Ke5
100.Nxf4 Rg5 101.Rh5 Kxf4+ 102.Rxg5  1-0

[Event "TCh-YUG"]
[Site "Herceg Novi YUG"]
[Date "2001.05.16"]
[Round "3"]
[White "Kosic,D"]
[Black "Sedlak,N"]
[Result "1/2-1/2"]
[WhiteElo "2508"]
[BlackElo "2448"]

1.Nf3 d5 2.g3 c6 3.Bg2 Bg4 4.O-O Nd7 5.d4 e6 6.Nbd2 Ngf6 7.Re1 Be7 8.e4 dxe4
9.Nxe4 Nxe4 10.Rxe4 Bf5 11.Re1 O-O 12.c3 h6 13.Bf4 Qb6 14.Qb3 a5 15.Qxb6 Nxb6
16.Ne5 f6 17.Nf3 g5 18.Be3  1/2-1/2

[Event "TCh-YUG"]
[Site "Herceg Novi YUG"]
[Date "2001.05.16"]
[Round "3"]
[White "Jeremic,V"]
[Black "Pavlovic,Dej"]
[Result "1-0"]
[WhiteElo "2347"]
[BlackElo "2289"]

1.Nf3 d5 2.g3 Nf6 3.Bg2 c6 4.O-O Bg4 5.d4 Nbd7 6.Nbd2 e6 7.Re1 Be7 8.e4 O-O
9.c3 Bh5 10.a4 Bg6 11.exd5 cxd5 12.Qb3 Qc7 13.Nf1 Bd6 14.h4 Be4 15.Ng5 Bxg2
16.Kxg2 b6 17.Nh3 Ne4 18.Bf4 Bxf4 19.Nxf4 a6 20.Ne3 Nd2 21.Qc2 Nc4 22.Ng4 b5
23.h5 Nd6 24.h6 g6 25.Nd3 Ne4 26.Qe2 Rab8 27.Nb4 Qd6 28.axb5 axb5 29.Ra6 Rb6
30.Ra7 f5 31.Ne5 Nxe5 32.dxe5 Qxe5 33.Nd3 Qd6 34.Qe3 f4 35.Rg7+ Kh8 36.Qd4 e5
37.Nxe5 Qf6 38.Nf7+ Rxf7 39.Rxf7  1-0

[Event "TCh-YUG"]
[Site "Herceg Novi YUG"]
[Date "2001.05.16"]
[Round "3"]
[White "Narandzic,V"]
[Black "Vujosevic,V"]
[Result "1/2-1/2"]
[WhiteElo "2378"]
[BlackElo "2384"]

1.Nf3 d5 2.g3 Nf6 3.Bg2 Bf5 4.d3 e6 5.O-O h6 6.c3 Be7 7.Nbd2 O-O 8.Re1 Bh7
9.Qb3 Qc8 10.Qc2 a5 11.c4 a4 12.Ne5 c6 13.Ndf3 Nbd7 14.Nxd7 Nxd7 15.Bd2 Qd8
16.Rad1  1/2-1/2

[Event "TCh-YUG"]
[Site "Herceg Novi YUG"]
[Date "2001.05.16"]
[Round "3"]
[White "Damljanovic,B"]
[Black "Khenkin,I"]
[Result "1/2-1/2"]
[WhiteElo "2574"]
[BlackElo "2609"]

1.Nf3 d5 2.g3 Bg4 3.b3 Bxf3 4.exf3 Nf6 5.Bb2 e6 6.f4 g6 7.Bg2 Bg7 8.O-O O-O
9.d4 Nbd7 10.Nd2 a5 11.a4 c6 12.Nf3 b5 13.Ne5 Qb6 14.Qe2 b4 15.Rad1 Rac8
16.g4 Rfd8 17.f5 exf5 18.gxf5 Nh5 19.fxg6 hxg6 20.f4 Nxf4 21.Rxf4 Bxe5 22.Rf2 Bd6
23.Rdf1 Re8 24.Qg4 Rc7 25.h4 Nf8 26.h5 Re6 27.Bc1 Qb8 28.Bh6 Qe8 29.Bh3 Re1
30.Qf3 Rxf1+ 31.Kxf1 Nh7 32.hxg6 fxg6 33.Re2 Re7 34.Qg4 Rxe2 35.Qxe2 Qxe2+
36.Kxe2 Nf8 37.Bxf8 Kxf8 38.Bd7 c5 39.dxc5 Bxc5 40.Be6 d4 41.Bc4 Ke7 42.Kf3 Kf6
43.Kg4  1/2-1/2

[Event "ch-CZE"]
[Site "Kunzak CZE"]
[Date "2001.05.16"]
[Round "9"]
[White "Hausner,I"]
[Black "Dobrovolsky,L"]
[Result "1-0"]
[WhiteElo "2430"]
[BlackElo "2392"]

1.Nf3 d5 2.g3 Nf6 3.Bg2 e6 4.O-O Be7 5.d4 O-O 6.c4 Nbd7 7.Qc2 c6 8.b3 b6
9.Bb2 Bb7 10.Nc3 Qc7 11.Rad1 Rfd8 12.Rfe1 Rac8 13.e4 Qb8 14.e5 Ne8 15.cxd5 cxd5
16.Bf1 Nf8 17.Bd3 Bc6 18.Qe2 Nc7 19.a4 Qb7 20.Nb5 Nxb5 21.axb5 Be8 22.Qd2 Qd7
23.Ng5 f6 24.exf6 gxf6 25.Nxe6 Nxe6 26.Bf5 Bf7 27.Qh6  1-0

[Event "TCh-RUS"]
[Site "Tomsk RUS"]
[Date "2001.05.16"]
[Round "4"]
[White "Yandemirov,V"]
[Black "Korchnoi,V"]
[Result "1/2-1/2"]
[WhiteElo "2472"]
[BlackElo "2643"]

1.Nf3 d5 2.g3 c5 3.Bg2 Nf6 4.O-O Nc6 5.d4 e6 6.c3 Be7 7.dxc5 Bxc5 8.Bg5 h6
9.Bxf6 Qxf6 10.Nbd2 O-O 11.e4 Bb6 12.Qe2 Bd7 13.Rad1 Rad8 14.Rfe1 Bc8 15.exd5 exd5
16.Nb3 Bg4 17.h3 Rde8 18.Qxe8 Bxf3 19.Bxf3 Qxf3 20.Qe2 Qxg3+ 21.Kf1 Qxh3+
22.Kg1 Bc7 23.Qe3 Qh2+ 24.Kf1 Ne5 25.Nd4 Qh1+ 26.Ke2 Qh5+ 27.f3 Nc4 28.Qg1 Nxb2
29.Rb1 Re8+ 30.Kf1 Rxe1+ 31.Rxe1 Be5 32.Qg4 Qh1+ 33.Qg1 Qh3+ 34.Qg2 Qxg2+
35.Kxg2 Nc4 36.Rb1 b6 37.Nc6 Bxc3 38.Ne7+ Kf8 39.Nxd5 Bb2 40.Re1 Ba3 41.Re4 Na5
42.Nc7 Be7 43.Rd4 Nc6 44.Rd7 Nb8 45.Rd3 g6 46.a4 h5 47.Nb5 a5 48.Nc7 Nc6
49.Na8 Nb4  1/2-1/2

[Event "TCh-YUG"]
[Site "Herceg Novi YUG"]
[Date "2001.05.17"]
[Round "4"]
[White "Vukic,M"]
[Black "Kalezic,B"]
[Result "1/2-1/2"]
[WhiteElo "2498"]
[BlackElo "2441"]

1.Nf3 d5 2.g3 c6 3.Bg2 Bg4 4.b3 Nd7 5.Bb2 e6 6.c4 Ngf6 7.O-O Be7 8.d4 O-O
9.Nc3 a5 10.h3 Bh5 11.g4 Bg6 12.Nh4 Rc8 13.Nxg6 hxg6 14.cxd5 cxd5 15.Qd3 Bd6
16.Nb5 Be7 17.Rac1 Qb6 18.Nc3 Bd6 19.Na4 Qa7 20.Rfd1 g5 21.Rxc8 Rxc8 22.Rc1 Qb8
23.Nc3 Rc6 24.Nb5 Bf4 25.e3 Bh2+ 26.Kh1 Nf8 27.Qd2 Ng6 28.Qxa5 Ra6 29.Qc3 Rxa2
30.Qc8+  1/2-1/2

[Event "TCh-YUG"]
[Site "Herceg Novi YUG"]
[Date "2001.05.17"]
[Round "4"]
[White "Blagojevic,D"]
[Black "Svetushkin,D"]
[Result "1/2-1/2"]
[WhiteElo "2489"]
[BlackElo "2481"]

1.Nf3 d5 2.g3 Nf6 3.Bg2 Bg4 4.O-O e6 5.c4 c6 6.b3 Be7 7.Bb2 O-O 8.d3 a5 9.a3 h6
10.Nbd2 c5 11.Ne5  1/2-1/2

[Event "ch-LTU"]
[Site "Kaunas LTU"]
[Date "2001.05.17"]
[Round "12"]
[White "Piesina,G"]
[Black "Zapolskis,A"]
[Result "1-0"]
[WhiteElo "2389"]
[BlackElo "2420"]

1.Nf3 d5 2.g3 c6 3.Bg2 Bg4 4.b3 Nd7 5.Bb2 Ngf6 6.O-O e6 7.d3 Bd6 8.Nbd2 O-O
9.h3 Bf5 10.Qe1 Bg6 11.Nh4 e5 12.e3 Re8 13.f3 Qc7 14.e4 Nh5 15.Kh2 Be7 16.Nxg6 hxg6
17.h4 g5 18.hxg5 Bxg5 19.Bh3 Nf8 20.Bg4 Nf6 21.Bf5 g6 22.Bh3 Nh5 23.Rg1 f6
24.Nf1 Qh7 25.Rh1 Qe7 26.Kg2 Rad8 27.Qe2 dxe4 28.fxe4 b6 29.Ne3 Bxe3 30.Qxe3 Ne6
31.Bxe6+ Qxe6 32.Rh4 Kg7 33.Rah1 Rh8 34.Bc1 Kf7 35.Qf3 Qc8 36.g4 Ng7 37.Bg5 f5
38.Bxd8 Rxd8 39.gxf5 gxf5 40.Rh7 Rd6 41.exf5 Qf8 42.Qh5+ Ke7 43.Qg5+ Kf7
44.R1h6  1-0

[Event "Bosnia 2001"]
[Site "Sarajevo BIH"]
[Date "2001.05.17"]
[Round "5"]
[White "Sokolov,I"]
[Black "Dreev,A"]
[Result "1/2-1/2"]
[WhiteElo "2659"]
[BlackElo "2685"]

1.Nf3 d5 2.g3 Bg4 3.Bg2 Nd7 4.O-O Ngf6 5.d3 c6 6.Qe1 e5 7.e4 dxe4 8.dxe4 a5
9.Nbd2 Bc5 10.h3 Bh5 11.Nc4 Bxf3 12.Bxf3 b5 13.Ne3 a4 14.Bd2 O-O 15.Rd1 Qe7
16.a3 g6 17.h4 h5 18.Qe2 Rfd8 19.c3 Qe6 20.Bc1 Nb6 21.Rxd8+ Rxd8 22.Rd1 Rd7
23.Kg2  1/2-1/2

[Event "TCh-RUS"]
[Site "Tomsk RUS"]
[Date "2001.05.17"]
[Round "5"]
[White "Korniushin,N"]
[Black "Beshukov,S"]
[Result "0-1"]
[WhiteElo "2470"]
[BlackElo "2463"]

1.Nf3 d5 2.g3 c6 3.Bg2 g6 4.O-O Bg7 5.d4 Nf6 6.c4 O-O 7.Qb3 dxc4 8.Qxc4 Bf5
9.Nc3 Nbd7 10.Bf4 Nb6 11.Qb3 Be6 12.Qc2 Nfd5 13.Nxd5 cxd5 14.b3 Bf5 15.Qd2 Nc8
16.Ne5 Be6 17.Bh6 Bxh6 18.Qxh6 Nd6 19.Qd2 Qb6 20.e3 Ne4 21.Qb2 Qd6 22.f3 Nf6
23.Nd3 Bf5 24.Nf2 Bd7 25.e4 dxe4 26.fxe4 Qb6 27.e5 Ng4 28.Nxg4 Bxg4 29.Kh1 Rac8
30.Qd2 Bf5 31.Rac1 Rxc1 32.Rxc1 Rd8 33.d5 Be6 34.Qg5 Rxd5 35.Qxe7 Qe3 36.Rf1 Rd7
37.Qe8+ Kg7 38.Qb8 Qe2 39.Qxa7 Rd2 40.Qg1 Qxe5 41.Rf2 Rd7 42.Qc1 b6 43.Rf1 h5
44.Re1 Qd4 45.h4 Qf2 46.Qe3 Qxe3 47.Rxe3 Rd1+ 48.Kh2 Rd2 49.Kg1 Rxa2 50.Rd3 Rb2
51.Bd5 Bxd5 52.Rxd5 Rxb3 53.Kf2 Kf6 54.Rd7 Ke6 55.Rb7 f6 56.Kg2 b5 57.Rb6+ Kf5
58.Kf2 g5 59.hxg5 fxg5 60.Rd6 Kg4  0-1

[Event "TCh-YUG"]
[Site "Herceg Novi YUG"]
[Date "2001.05.18"]
[Round "5"]
[White "Vukic,M"]
[Black "Pavlovic,Dej"]
[Result "1/2-1/2"]
[WhiteElo "2498"]
[BlackElo "2289"]

1.Nf3 d5 2.g3 c6 3.Bg2 Bg4 4.b3 Nd7 5.Bb2 e6 6.c4 Ngf6 7.O-O Be7 8.d4 O-O
9.Nc3 Qb8 10.a3 Rd8 11.cxd5 cxd5 12.Rc1 b5 13.Nb1 Bf5 14.Nh4 Bxb1 15.Rxb1 Qb7
16.Nf3 b4 17.a4 Qa6 18.Nd2 Rac8 19.Re1 Rc7 20.Rc1 Rxc1 21.Qxc1 g6 22.Qb1 Rc8
23.e3 Qd6 24.Rc1 Rc7 25.Rxc7 Qxc7 26.Qc1 Qxc1+ 27.Bxc1 a5 28.Bb2 Bd6 29.Kf1 Kf8
30.Ke2 Ke7 31.f4 h5 32.Bf3 Bc7 33.Kd3 Nb6 34.Bc1 Ng4 35.h3 Nh6 36.Nf1 f5
37.Bd2 Nd7 38.Be1 Nf6 39.Be2 Ne4 40.Nh2 Kf6 41.Bf3 Kg7 42.Bd1 Nf7 43.Nf3 Kh6
44.Ng1 Nf6 45.Ke2 g5 46.fxg5+ Nxg5 47.Kf1 Nfe4 48.Kg2 Nf6 49.Ne2 Kg6 50.Nc1 Bd6
51.Be2 Nge4 52.Bb5 Kf7 53.Nd3 Nh7 54.Nf4 Nhf6 55.Be2 Bxf4 56.gxf4 Nd6 57.Bh4 Nde4
58.Bd3 Kg6 59.Bxe4 dxe4 60.Kg3 Kg7 61.Bg5 Kg6  1/2-1/2

[Event "TCh-YUG Women"]
[Site "Herceg Novi YUG"]
[Date "2001.05.18"]
[Round "5"]
[White "Ivanisevic,Dusi"]
[Black "Zivkovic,Ves"]
[Result "0-1"]
[WhiteElo "2112"]
[BlackElo "2186"]

1.Nf3 d5 2.g3 e6 3.Bg2 Nf6 4.O-O c5 5.d3 Be7 6.Nbd2 Nc6 7.c3 O-O 8.e4 Qc7
9.Re1 d4 10.a4 e5 11.h3 h6 12.Qc2 Be6 13.Kh2 Rfd8 14.Bf1 a6 15.a5 Rac8 16.Qa4 Re8
17.Nc4 Bxc4 18.dxc4 Bd8 19.Bd2 Qxa5 20.cxd4 Qxa4 21.Rxa4 Nxd4 22.Nxd4 cxd4
23.b4 Nd7 24.c5 Bg5 25.Bxg5 hxg5 26.Ra2 Nb8 27.Bc4 Nc6 28.Rb1 Rc7 29.Bd5 Ne7
30.Kg2 Rd8 31.Bc4 g6 32.Bd3 Kg7 33.Rc2 Rdc8 34.Bc4 f5 35.f3 Kf6 36.Bd3 Ra8
37.Ra1 Nc6 38.Rb2 a5 39.b5 Ne7 40.Rc2 Rac8 41.Rac1 Ra8 42.Ra1 a4 43.Kf2 a3
44.Rca2 Rxc5 45.Rxa3 Rxa3 46.Rxa3 Nc8 47.Ra8 Nd6 48.Rb8 Rc3 49.Ke2 Rb3 50.Rf8+ Kg7
51.Rd8 Nxb5 52.exf5 Nc3+ 53.Kd2 gxf5 54.Bxf5 Rb2+ 55.Kc1 Rf2 56.Bg4 b5 57.h4 gxh4
58.gxh4 b4 59.Rd7+ Kf8 60.Rd8+ Ke7 61.Rd7+ Ke8  0-1

[Event "TCh-YUG"]
[Site "Herceg Novi YUG"]
[Date "2001.05.19"]
[Round "6"]
[White "Drasko,M"]
[Black "Ivanisevic,I"]
[Result "1/2-1/2"]
[WhiteElo "2521"]
[BlackElo "2557"]

1.Nf3 d5 2.g3 g6 3.Bg2 Bg7 4.d4 Nf6 5.c4 c6 6.cxd5 cxd5 7.Ne5 Ne4 8.Nd2 Nxd2
9.Qa4+ Bd7 10.Nxd7 Qxd7 11.Qxd7+ Nxd7 12.Bxd2 e6 13.e3 O-O 14.Ke2 Rfc8 15.Rhc1 Bf8
16.e4 Nb6 17.Rxc8 Rxc8 18.Rc1 Rxc1 19.Bxc1 Bd6 20.Kd3 Kf8 21.exd5 Nxd5 22.Kc4 a6
23.a4 Nb6+ 24.Kb3 Nd5 25.Kc4 Nb6+ 26.Kb3 Nd5 27.Kc4  1/2-1/2

[Event "TCh-RUS"]
[Site "Tomsk RUS"]
[Date "2001.05.19"]
[Round "6"]
[White "Loginov,Va"]
[Black "Grischuk,A"]
[Result "0-1"]
[WhiteElo "2499"]
[BlackElo "2667"]

1.Nf3 d5 2.g3 Nf6 3.Bg2 c6 4.O-O Bg4 5.c4 e6 6.d3 Be7 7.Be3 Bxf3 8.Bxf3 d4
9.Bf4 Nbd7 10.e4 e5 11.Bc1 h5 12.Nd2 h4 13.Be2 Nc5 14.b4 Ne6 15.c5 hxg3 16.fxg3 a5
17.Nc4 axb4 18.Nxe5 Qc7 19.Nxf7 Kxf7 20.Qb3 Bxc5 21.Bg4 Rae8 22.Bf4 Qd7 23.Bg5 Kg6
24.Bxf6 gxf6 25.e5 fxe5 26.Qc2 Qd5 27.Bf3 e4 28.Bxe4+ Qxe4 29.Rae1 Qd5  0-1

[Event "TCh-RUS"]
[Site "Tomsk RUS"]
[Date "2001.05.19"]
[Round "6"]
[White "Pigusov,E"]
[Black "Motylev,A"]
[Result "1-0"]
[WhiteElo "2584"]
[BlackElo "2601"]

1.Nf3 d5 2.g3 c6 3.Bg2 Bg4 4.d3 Nd7 5.O-O e5 6.h3 Bh5 7.c4 d4 8.e3 dxe3 9.Bxe3 Ngf6
10.Nc3 Bd6 11.g4 Bg6 12.d4 O-O 13.d5 Bb4 14.Nh4 Nb6 15.Nxg6 hxg6 16.dxc6 bxc6
17.Qb3 Qe7 18.Na4 e4 19.a3 Ba5 20.Nxb6 Bxb6 21.Bxb6 Rab8 22.Qe3 axb6 23.g5 Nh7
24.h4 f5 25.f3 b5 26.fxe4 bxc4 27.Qd4 f4 28.e5 Kh8 29.Rae1 Rbd8 30.Qf2 Rf5
31.e6 Rdf8 32.Bh3 Rb5 33.Re4 f3 34.Rxc4 Qd6 35.Re4 Re5 36.Rxe5 Qxe5 37.Re1 Qf4
38.e7 Re8 39.Bd7 Nxg5 40.hxg5 Qxg5+ 41.Kh1 Qh5+ 42.Qh2 f2 43.Rf1 Rxe7 44.Bxc6  1-0

[Event "TCh-YUG"]
[Site "Herceg Novi YUG"]
[Date "2001.05.20"]
[Round "7"]
[White "Narandzic,V"]
[Black "Zivanic,M"]
[Result "1/2-1/2"]
[WhiteElo "2378"]
[BlackElo "2422"]

1.Nf3 d5 2.g3 Nf6 3.Bg2 e6 4.d3 c5 5.c3 Nc6 6.O-O Be7 7.Re1 O-O 8.Nbd2 b6
9.Qc2 Qc7 10.e4 Ba6 11.Nf1 dxe4 12.dxe4 Rad8 13.e5 Bd3 14.Qa4 b5 15.Qh4 Nd5
16.Bg5 h6 17.Bxe7 Ndxe7 18.a4 Ng6 19.Qh5 bxa4 20.Rxa4 Rb8 21.Ra2 Bc4 22.Ra4 Bd5
23.Ne3 Bxf3 24.Qxf3 Ncxe5 25.Qe2 Rfd8  1/2-1/2

[Event "ch-NED semi-finals"]
[Site "Leeuwarden NED"]
[Date "2001.05.20"]
[Round "3.2"]
[White "Janssen,R"]
[Black "Van der Werf,M"]
[Result "0-1"]
[WhiteElo "2429"]
[BlackElo "2450"]

1.Nf3 d5 2.g3 c6 3.Bg2 Bg4 4.O-O Nf6 5.d3 e6 6.Nbd2 Be7 7.e4 O-O 8.Qe2 Nbd7
9.h3 Bh5 10.Rd1 a5 11.a4 Ne8 12.Re1 Nc7 13.g4 Bg6 14.Nf1 Bd6 15.e5 Be7 16.Bf4 Nc5
17.Ng3 b5 18.axb5 cxb5 19.g5 b4 20.h4 b3 21.h5 Bf5 22.Nd4 Bxg5 23.Nc6 Qd7
24.Bxg5 Qxc6 25.Nxf5 exf5 26.c4 N5e6 27.Qd2 Qd7 28.h6 g6 29.Be3 Rab8 30.Rxa5 dxc4
31.dxc4 Qe7 32.f4 Qh4 33.Qf2 Qxh6 34.Rd1 Rfd8 35.Rd6 Qf8 36.Qd2 Ne8 37.Rxd8 Rxd8
38.Rd5 Rc8 39.c5 N8c7 40.Rd6 Nb5 41.Rxe6 fxe6 42.Qd7 Qe8 43.Bc6 Qxd7 44.Bxd7 Rb8
45.Bxe6+ Kg7 46.c6 Nc7 47.Bd7 Rb5 48.Bf2 Kf7 49.Bh4 Rb8 50.Kf2 Ne6 51.Ke3 Rb4
52.Bf6 Rc4 53.Kd3 Rc2 54.Bh4 Nxf4+ 55.Kd4 Ne6+  0-1

[Event "TCh-RUS"]
[Site "Tomsk RUS"]
[Date "2001.05.20"]
[Round "7"]
[White "Kotsur,P"]
[Black "Ivanov,Se"]
[Result "1-0"]
[WhiteElo "2576"]
[BlackElo "2547"]

1.Nf3 d5 2.g3 Bg4 3.Bg2 Nd7 4.O-O Ngf6 5.d3 c6 6.c4 dxc4 7.dxc4 e5 8.h3 Bh5
9.Nh4 Bc5 10.Nc3 O-O 11.Na4 Re8 12.Nxc5 Nxc5 13.Be3 Ne6 14.Qxd8 Raxd8 15.g4 Bg6
16.Nxg6 hxg6 17.Rfd1 Nd4 18.Rd2 Nh7 19.Kf1 Nf8 20.f4 Nde6 21.Rxd8 Rxd8 22.fxe5 a6
23.Bb6 Rd2 24.b3 g5 25.Ba5 Rb2 26.Ke1 Nd7 27.Bf1 b6 28.Kd1 bxa5 29.Kc1 Rxe2
30.Bxe2 Nxe5 31.Kb2 Nd4 32.Bf1 c5 33.Rd1 g6 34.a3 f5 35.gxf5 gxf5 36.b4 axb4
37.axb4 Kf7 38.bxc5 Ne6 39.Rd5 Kf6 40.Rd6 Ke7 41.Rd5 Kf6 42.Kb3 g4 43.hxg4 fxg4
44.Rd6 Ke7 45.Kb4 a5+ 46.Kb5 a4 47.Rd1 a3 48.c6 a2 49.Kb6 g3 50.Ra1 g2 51.Bxg2 Nxc4+
52.Ka7 Kd6 53.Rxa2 Ne5 54.Kb6 Nd4 55.Kb7 Nb3 56.c7 Nc5+ 57.Kc8 Nc4 58.Bh3 Kc6
59.Rc2 Nd6+ 60.Kb8 Kb6 61.c8=N+  1-0

[Event "Young Masters"]
[Site "Lausanne SUI"]
[Date "2001.05.21"]
[Round "1.7"]
[White "Bu Xiangzhi"]
[Black "Kosteniuk,A"]
[Result "1-0"]
[WhiteElo "2558"]
[BlackElo "2397"]

1.Nf3 d5 2.g3 c6 3.Bg2 Nf6 4.O-O Bg4 5.d3 e6 6.Nbd2 Be7 7.e4 O-O 8.Re1 Nbd7
9.e5 Ne8 10.Nf1 Nc7 11.Bf4 c5 12.Qd2 Nb6 13.h3 Bh5 14.g4 Bg6 15.c3 c4 16.d4 Nd7
17.Ng3 b5 18.a3 a5 19.Bf1 Rb8 20.Kg2 b4 21.axb4 axb4 22.h4 h6 23.h5 Bh7 24.Be2 bxc3
25.bxc3 Rb6 26.g5 hxg5 27.Nxg5 Bxg5 28.Bxg5 Qb8 29.Be7 Re8 30.Qg5 Kh8 31.h6 g6
32.Nh5 Rxe7 33.Qxe7 gxh5 34.Qxd7 Qg8+ 35.Kh2 Qg5 36.Qxc7 Qf4+ 37.Kg1 Be4
38.Qd8+ Kh7 39.Ra8  1-0

[Event "Open"]
[Site "Pula CRO"]
[Date "2001.05.21"]
[Round "4"]
[White "Brigljevic,M"]
[Black "Macsik,T"]
[Result "1/2-1/2"]
[WhiteElo "2293"]
[BlackElo "2184"]

1.Nf3 d5 2.g3 c6 3.Bg2 Bg4 4.O-O Nd7 5.d3 Ngf6 6.Nbd2 e6 7.e4 Be7 8.h3 Bxf3
9.Bxf3 Qc7 10.Qe2 O-O 11.Bg2 Rab8 12.a4 a6 13.Nb3 dxe4 14.dxe4 c5 15.Re1 e5
16.Nd2 Rfc8 17.Nc4 b5 18.Ne3 c4 19.axb5 axb5 20.Nd5 Nxd5 21.exd5 Bd6 22.h4 Ra8
23.Be3 Re8 24.h5 Qb7 25.h6 g6 26.Qg4 f5 27.Qh4 Be7 28.Bg5 Bxg5 29.Qxg5 Rxa1
30.Rxa1 Qb6 31.Qd2 Rd8 32.g4 fxg4 33.Qg5 Rf8 34.Rf1 Qd4 35.Qe7 Rf7 36.Qe8+ Nf8
37.c3 Qf4 38.d6 g3 39.fxg3 Qe3+ 40.Kh2 Qxh6+ 41.Kg1 Qe3+ 42.Kh2 Qh6+  1/2-1/2

[Event "TCh-YUG"]
[Site "Herceg Novi YUG"]
[Date "2001.05.22"]
[Round "9"]
[White "Vukic,M"]
[Black "Lazic,Mi"]
[Result "1/2-1/2"]
[WhiteElo "2498"]
[BlackElo "2475"]

1.Nf3 d5 2.g3 Nf6 3.Bg2 c6 4.b3 Bg4 5.Bb2 Nbd7 6.O-O e6 7.c4 Be7 8.d4 O-O
9.Nc3 Qa5 10.Nd2 Rad8 11.h3 Bf5 12.Qc1 Bg6 13.Rd1 Rfe8 14.a3 Bf8 15.e4 dxe4
16.Ndxe4 Nxe4 17.Nxe4 e5 18.b4  1/2-1/2

[Event "TCh-YUG Women"]
[Site "Herceg Novi YUG"]
[Date "2001.05.23"]
[Round "10"]
[White "Stojanovic,A"]
[Black "Prudnikova,S"]
[Result "0-1"]
[WhiteElo "2111"]
[BlackElo "2419"]

1.Nf3 d5 2.g3 g6 3.Bg2 Bg7 4.d4 e6 5.O-O Ne7 6.Nbd2 Nbc6 7.c3 f5 8.b4 a6
9.Nb3 h6 10.h4 e5 11.dxe5 Nxe5 12.Bf4 Ng4 13.Nfd4 c6 14.a4 Kf7 15.Qc2 Bf6
16.Qd2 Ng8 17.Nf3 Rh7 18.Nc5 Rg7 19.Nd3 Qe7 20.Nd4 g5 21.f3 gxf4 22.fxg4 Rxg4
23.Rxf4 Rxg3 24.Raf1 Kg7 25.Kh2 Rg4 26.Nxf5+ Bxf5 27.Rxf5 Rxh4+ 28.Kg1 Re8
29.Nf4 Bg5 30.Ne6+ Qxe6 31.Rxg5+ hxg5 32.Qxg5+ Qg6 33.Qxh4 Rxe2 34.Rf2 Rxf2
35.Qxf2 Nf6 36.Qd4 Qb1+ 37.Kh2 Qh7+ 38.Kg1 Qb1+ 39.Kh2 Kg6 40.a5 Qf5 41.Bh3 Qc2+
42.Bg2 Kf5 43.Kg3 Qe2 44.Bf3 Qe5+ 45.Kf2 Qh2+ 46.Ke3 Qg1+ 47.Kd2 Qg5+ 48.Ke2 Qc1
49.Kf2 Qc2+ 50.Kg3 Kg6 51.Kh3 Nh7 52.Qe5 Nf6 53.Qd4 Qf5+ 54.Kg3 Qc2 55.Kh3 Nh7
56.Qe5 Nf6 57.Qd4 Qc1 58.Kg2 Kf5 59.Kg3 Qe1+ 60.Kh3 Ne4 61.Bxe4+ dxe4 62.Qd7+ Kf4
63.Qf7+ Ke3 64.Qxb7 Qxc3 65.b5 Kf4+ 66.Kg2 Qb2+ 67.Kh3 Qxb5 68.Qc7+ Kf3 69.Qg3+ Ke2
70.Qg2+ Kd3 71.Qf1+ Kc3 72.Qc1+ Kd4 73.Qa1+ Kd5 74.Qf6 Qd3+ 75.Kh2 Qe2+ 76.Kg1 Qg4+
77.Kh2 e3 78.Qd8+ Kc4 79.Qb6 Qf4+ 80.Kh3 Qf3+ 81.Kh2 e2 82.Qxa6+ Kc3  0-1

[Event "Young Masters"]
[Site "Lausanne SUI"]
[Date "2001.05.23"]
[Round "2.3"]
[White "Aronian,L"]
[Black "Bacrot,E"]
[Result "1-0"]
[WhiteElo "2528"]
[BlackElo "2627"]

1.Nf3 d5 2.g3 g6 3.Bg2 Bg7 4.d4 Nf6 5.O-O c6 6.Be3 O-O 7.Qc1 Bg4 8.Rd1 Nbd7
9.c4 Rc8 10.Nbd2 b5 11.c5 Re8 12.a4 b4 13.h3 Bxf3 14.Nxf3 e5 15.dxe5 Nxe5
16.Bd4 Ned7 17.e3 Ne4 18.Nd2 f5 19.a5 Qe7 20.Nb3 h5 21.h4 g5 22.hxg5 Qxg5
23.Bxg7 Kxg7 24.Nd4 Ne5 25.f4 Qg6 26.fxe5 Nxg3 27.Kh2 Rxe5 28.Rg1 h4 29.Bh3 Rce8
30.Qd2 Kh8 31.Rae1 Qf6 32.Qxb4 f4 33.Nxc6 Qxc6 34.Qxf4 Re4 35.Qd6 Qb7 36.Qh6+ Kg8
37.Bf5 Qxb2+ 38.Kh3 Rc4 39.Bh7+ Kf7 40.Ref1+  1-0